000 00421nam a2200181Ia 4500
008 230524s9999 xx 000 0 und d
020 _a9780070634374
082 _a4.25
_bSIN
100 _aAmarendra N Sinha
245 0 _aComputer Graphics
250 _a1ST
260 _aNEW DELHI
_bTMH
_c2008
300 _aXI;465
500 _aQuantity Number: 10
650 _aComp-Sc
700 _a Arun D Udai
942 _cBK
999 _c37598
_d37598